00757nam a2200181 a 450000100100000000500170001000800410002704000250006808200200009310000380011324500460015126000760019730000210027350000700029460000520036465100780041665100810049400002600620240409073640.0110225t1952 dr 001 0dspa d aDO-SdBNPbspacBNPHU a972.93053bJ61t1 aJiménez, Ramón Emilio,d1886-10aTrujillo y la paz /cR. Emilio Jiménez. aCiudad Trujillo, República Dominicana :bImpresora Dominicana,c1952. a381 p. ;c24 cm. aIncluye datos biográficos del autor en la solapa de la portada.10aTrujillo Molina, Rafael Leónidas,d 1891-1961 4aRepública DominicanaxPolítica Y GobiernoyERA DE TRUJILLO, 1930-1961 4aRepública DominicanaxCondiciones EconómicasyERA DE TRUJILLO, 1930-1961